000 00420nam a2200181Ia 4500
001 1598
005 20260306143740.0
008 260306t1969||||xx |||||||||||||| ||spa||
041 _aESP
082 _a153.15
_bH53
100 _aHilgard y Marquis
_eAUT
245 0 _aCondicionamiento y Aprendizaje
260 _c1969
300 _a648 páginas :
_ccm.
650 _aGEN
654 _aCPS
942 _cLIB
_dJUS
_fJUS
_2ddc
_n
999 _c1598
_d1598